00295pab a2200109 454500008004000000245005400040260000900094300001300103362001100116650002400127773003400151180718b2015 xxu||||| |||| 00| 0 eng d aNew series of national accounts: A review (Notes) c2015 ap.74-78. a14 Feb aNational accounting aEconomic and Political Weekly